| 000 | 00418nam a2200169Ia 4500 | ||
|---|---|---|---|
| 001 | 8160 | ||
| 008 | 140324s9999 xx 000 0 und d | ||
| 020 | _a0-19-577470-1 | ||
| 040 | _cPK-LaUMT | ||
| 082 |
_a 297 _bKHA-W |
||
| 100 | _aKhalid Bin Sayeed | ||
| 245 |
_aWestern dominance and political Islam : Challenge and respon _cKhalid Bin Sayeed |
||
| 260 | _c1997 | ||
| 300 | _a197 p. | ||
| 546 | _aEN | ||
| 942 | _cBK | ||
| 999 |
_c9533 _d9533 |
||